Evaluación del pardeamiento enzimático durante el almacenamiento en congelación del pure de palta Persea americana Mill var. Hass
שמור ב:
| מחבר ראשי: | |
|---|---|
| פורמט: | ספר |
| שפה: | ספרדית |
| יצא לאור: |
Lima
Asamblea Nacional de Rectores
2006
|
| נושאים: | |
| תגים: |
הוספת תג
אין תגיות, היה/י הראשונ/ה לתייג את הרשומה!
|
MARC
| LEADER | 00000nam a2200000 a 4500 | ||
|---|---|---|---|
| 001 | UCG3596 | ||
| 003 | CL-VaPUC | ||
| 008 | 100909e20061100PE |||||||||||||||||spa|d | ||
| 020 | |a 9972290921 | ||
| 082 | 0 | 4 | |a 634.653 |b HER |2 21 |
| 100 | 0 | |a Hernández Martínez, Ernesto |e author |9 552855 | |
| 245 | 1 | 0 | |a Evaluación del pardeamiento enzimático durante el almacenamiento en congelación del pure de palta Persea americana Mill var. Hass |
| 300 | |a 178 p | ||
| 942 | |c BK | ||
| 945 | |d 20100909 00:00:00 |a dcastane | ||
| 260 | |a Lima |b Asamblea Nacional de Rectores |c 2006 | ||
| 650 | 0 | |a Enzimas |9 262984 | |
| 650 | 7 | |a PARDEAMIENTO ENZIMATICO |2 CL-VaPUC |9 552856 | |
| 650 | 0 | |a Frutas |9 259500 | |
| 650 | 0 | |a Actividad enzimática |9 552857 | |
| 650 | 0 | |a Paltas (Aguacates) |9 264279 | |
| 583 | |a last modification |c 20180522 04:10:50 |k Rodrigo Vera | ||
| 999 | |c 342648 |d 342646 | ||
| 952 | |0 0 |1 0 |4 0 |6 634_653000000000000_HER_2006 |7 0 |8 A |9 439051 |a BIBAGR |b BIBAGR |d 2019-11-22 |i 4718003 |o 634.653 HER 2006 |p 4718003 |r 2025-01-20 |w 2019-11-22 |y BK |k AGR | ||